Pays qui consomment le plus de frites - Statistiques

Statistiques générales
  • Ce quiz a été pris 137 fois
  • Le résultat moyen est 8 sur 10
Statistiques - réponses
Kg/hab Country % Correct
14 Kg/hab États-Unis
100%
9,8 Kg/hab France
99%
16 Kg/hab Belgique
96%
10 Kg/hab Royaume-Uni
93%
7,5 Kg/hab Allemagne
92%
8 Kg/hab Canada
90%
7 Kg/hab Pays-Bas
84%
6,5 Kg/hab Australie
66%
5,5 Kg/hab Brésil
66%
4,5 Kg/hab Japon
57%
Aucun quiz correspondant
Distribution des résultats
% des personnes avec chaque résultat
Percentile par nombre de réponses
Votre historique - résultats
Vous n’avez pas pris ce quiz